000 00822 a2200145 4500
020 _a3907622413
082 _a720.9494
_bAL433a
100 _aAllenspach, Christoph
_9249
245 _aLa Arquitectura Suiza
_bLa construccin̤ en los siglos XIX y XX
260 _aSuiza
_bPro Helvetia Fundacin̤ Suiza para la Cultura
300 _a179 p.
_c21 cm
505 _t1. Moderna y realista. Cultura Arquitectonica suiza a inicios del siglo XXI
_t2. Revolucion industrial y tecnica. El siglo XIX
_t3. Hacia la nueva arquitectura
_t4. La modernidad en tanto practica tendencialmente mayoritaria
_t5. Racionalismo tesines. Forma y lugar
_t6. Nietos y nietas del movimiento moderno
650 _xArquitectura Suiza siglo XIX y XX
_xArquitectura-Aspectos Sociales y culturales
_xChristoph Allenspach
_zSuiza
_9252
700 _aChristoph Allenspach
_9251
999 _c42
_d42